000 00860nam a2200253Ia 4500
003 OSt
005 20220923222323.0
006 a|||||r|||| 00| 0
007 ta
008 220922b |||||||| |||| 00| 0 guj d
024 _a204,472
037 _cTextual
040 _aARTS
_cARTS
_bguj
041 _2guj
_aguj
082 _aO156,3N38,DW, 152N0
100 _aचौधुरी, रघुबीर; गुप्त, आलोक, अनु.
_9166746
245 0 _aद्वारिका
246 _aDvārikā
260 _aदिल्ली
_b राधाकृष्ण
_c1990
300 _a238पृ0
_ccm.
650 _aगुजराती साहित्य
942 _hO156,3N38,DW, 152N0
_cTEXL
_2CC
999 _c355220
_d355220